On This Day: May 15th II Quiz Stats

 Plays Quiz Updated May 15, 2018

Score 0/7 Timer 03:00
0 Plays Today
Question Answer Wrong Answers
In New York, Elizabeth Cady Stanton and this woman form the National Woman Suffrage Association.
1869
Susan B. Anthony
84.6%
Harriet Tubman
7.7%
Jane Addams
4.6%
Helen Keller
2.9%
This American novelist, famous for his children's books, like ‘The Wonderful Wizard of Oz’, is born.
1856
L. Frank Baum
83.1%
Lewis Carroll
11.7%
Robert Louis Stevenson
2.9%
Nathaniel Hawthorne
2.3%
The Ryukyu Islands, under US military governance since their conquest in 1945, are handed over to ______ control.
1972
Japanese
77.7%
Taiwanese
6.8%
Chinese
7.1%
Vietnamese
7.2%
Following the expiration of ‘The ______ Mandate for Palestine’, several Arab nations invade Israel, thus starting the 1948 Arab–Israeli War.
1948
British
76.7%
French
8.9%
American
11.3%
Italian
2.3%
The United States government acknowledges the existence of the ‘Secret War’ in ______, and dedicate a memorial in honor of Hmong and other ‘Secret War’ veterans.
1997
Laos
71.7%
Pakistan
4.3%
Afghanistan
15%
Mongolia
7.7%
This American fast food company opens their first restaurant in San Bernardino, California.
1940
McDonald's
70.5%
Burger King
5.2%
Wendy’s
4.9%
In-N-Out Burger
18.9%
This team finishes their final match to go unbeaten for an entire English Premier League season, joining Preston North End F.C. as one of ‘The Invincibles’.
2004
Arsenal F.C.
29.8%
Liverpool F.C.
7%
Chelsea F.C.
9.8%
Manchester United F.C.
51.9%

You're not logged in!

Compare scores with friends on all Sporcle quizzes.
OR
Log In

Sporcle TV

Today on Sporcle TV


Watch our educational content, quiz creation guides, and fun videos on Sporcle TV.

Show Comments

Extras

Top Quizzes Today


Score Distribution

Your Account Isn't Verified!

In order to create a playlist on Sporcle, you need to verify the email address you used during registration. Go to your Sporcle Settings to finish the process.

Report this User

Report this user for behavior that violates our Community Guidelines.

Details: